Contribution of study on forest genetic resources in ratanakiri province, វិភាគទាននៃការសិក្សាអំពីធនធានសេនេទិចព្រៃឈើនៅក្នុងខេត្តរតនៈគិរី (Record no. 3111)
[ view plain ]
| 000 -LEADER | |
|---|---|
| fixed length control field | 00618nam a22001577a 4500 |
| 003 - CONTROL NUMBER IDENTIFIER | |
| control field | OSt |
| 005 - DATE AND TIME OF LATEST TRANSACTION | |
| control field | 20151104134754.0 |
| 008 - FIXED-LENGTH DATA ELEMENTS--GENERAL INFORMATION | |
| fixed length control field | 151104b xxu||||| |||| 00| 0 eng d |
| 040 ## - CATALOGING SOURCE | |
| Transcribing agency | RUA |
| 082 ## - DEWEY DECIMAL CLASSIFICATION NUMBER | |
| Classification number | FOR AM 1996 B123 Or.1 |
| 100 ## - MAIN ENTRY--PERSONAL NAME | |
| 9 (RLIN) | 3335 |
| Personal name | AM, CHANBORITH. |
| 245 ## - TITLE STATEMENT | |
| Title | Contribution of study on forest genetic resources in ratanakiri province, វិភាគទាននៃការសិក្សាអំពីធនធានសេនេទិចព្រៃឈើនៅក្នុងខេត្តរតនៈគិរី |
| 260 ## - PUBLICATION, DISTRIBUTION, ETC. (IMPRINT) | |
| Place of publication, distribution, etc. | Phnom Penh |
| Name of publisher, distributor, etc. | RUA |
| Date of publication, distribution, etc. | 1996 |
| 300 ## - PHYSICAL DESCRIPTION | |
| Extent | 74p. |
| Other physical details | ill. |
| Dimensions | 29cm. |
| 942 ## - ADDED ENTRY ELEMENTS (KOHA) | |
| Source of classification or shelving scheme | |
| Koha item type | FOR |
| Price effective from | Date last seen | Permanent Location | Not for loan | Date acquired | Source of classification or shelving scheme | Koha item type | Lost status | Withdrawn status | Date last checked out | Total Checkouts | Shelving location | Damaged status | Barcode | Current Location | Full call number |
|---|---|---|---|---|---|---|---|---|---|---|---|---|---|---|---|
| 2015-11-04 | 2015-11-04 | Library Block B | 2015-11-04 | FOR | B123 | RUA028017 | Library Block B | FOR AM 1996 B123 Or.1 | |||||||
| 2015-11-04 | 2015-11-04 | Library Block B | 2015-11-04 | FOR | B123 | RUA028383 | Library Block B | FOR AM 1996 B123 Or.2 | |||||||
| 2015-11-04 | 2015-11-04 | Library Block B | 2015-11-04 | FOR | B123 | RUA028444 | Library Block B | FOR AM 1996 B123 Or.3 | |||||||
| 2015-11-04 | 2016-07-23 | Library Block B | 2015-11-04 | FOR | 2016-07-06 | 1 | B123 | RUA028948 | Library Block B | FOR AM 1996 B123 Or.4 | |||||
| 2015-11-04 | 2015-11-04 | Library Block B | 2015-11-04 | FOR | B123 | RUA028092 | Library Block B | FOR AM 1996 B123 Or.5 |